| 000 | 01093nam a2200229Ia 4500 | ||
|---|---|---|---|
| 999 |
_c36495 _d36495 |
||
| 001 | 2413 | ||
| 003 | GE_BSU | ||
| 005 | 20210222152022.0 | ||
| 008 | 181216s1990||||ge |||||||||||||| ||geo|| | ||
| 020 | _a5520007160 | ||
| 040 | _cGE_BSU | ||
| 041 | _ageo | ||
| 080 | _a94(479.22)"16''+327(479.22)(09) ტ-56 | ||
| 100 |
_aტივაძე, თამარ _910189 |
||
| 245 |
_aთეიმურაზ პირველის საგარეო პოლიტიკა : _b[რედ.: გ. პაიჭაძე] / _cთამარ ტივაძე; საქ. სსრ მეცნ. აკად., ისტორიის, არქეოლოგიისა და ეთნოგრაფიის ინ-ტი. |
||
| 264 |
_aთბილისი : _bმეცნიერება, _c1990. |
||
| 300 |
_a164 გვ.; _b22 სმ. |
||
| 653 | _a თეიმურაზ I | ||
| 653 | _aსაქართველოს საგარეო პოლიტიკა | ||
| 653 | _a საქართველოს ისტორია, XVIIს. | ||
| 942 |
_cBK _2udc |
||